Famous People with Arabic Names - Statistics

General Stats
  • This quiz has been taken 42 times
  • The average score is 8 of 15
Answer Stats
Hint Answer % Correct
"The Greatest" heavyweight boxer, birth name Cassius Clay {Muhammad} Ali
97%
Notorious Iraqi president who was executed in 2006 {Saddam} Hussein
86%
The first Mexican nominated for a Best Actress Oscar, for "Frida" {Salma} Hayek
81%
One-named Colombian singer whose hips don't lie {Shakira}
81%
Egyptian actor who played Sherif Ali in "Lawrence of Arabia" {Omar} Sharif
61%
British singer who was part of the boyband One Direction {Zayn} Malik
61%
Leader of the Palestine Liberation Organization who died in 2004 {Yasser} Arafat
58%
Singer born Steven Demetre Georgiou, also known as Cat Stevens {Yusuf} Islam
47%
King of Jordan who ascended the throne in 1999 King {Abdullah} II
44%
American singer, known by her first name, killed in a 2001 plane crash {Aaliyah} Haughton
31%
Nigerian-American basketball player nicknamed "The Dream" {Hakeem} Olajuwon
28%
Cricket player turned President of Pakistan {Imran} Khan
28%
British actor who played Tahani Al-Jamil on "The Good Place" {Jameela} Jamil
19%
The above's daughter, also a boxer {Laila} Ali
19%
The wife of the above, known for her global activism Queen {Rania}
19%
No matching quizzes found
Score Distribution
Percent of People with Each Score
Percentile by Number Answered
Your Score History
You have not taken this quiz